Vùng đất Xannhicốp
Đã lưu trong:
| 主要作者: | |
|---|---|
| 格式: | 圖書 |
| 語言: | Undetermined |
| 出版: |
Matxcơva
Tiến Bộ
1981
|
| 主題: | |
| 標簽: |
添加標簽
沒有標簽, 成為第一個標記此記錄!
|
| Thư viện lưu trữ: | Trung tâm Học liệu Trường Đại học Cần Thơ |
|---|
| LEADER | 00457nam a2200169Ia 4500 | ||
|---|---|---|---|
| 001 | CTU_15941 | ||
| 008 | 210402s9999 xx 000 0 und d | ||
| 082 | |a 891.743 | ||
| 082 | |b O.13 | ||
| 100 | |a Vladimir Obroutrev | ||
| 245 | 0 | |a Vùng đất Xannhicốp | |
| 245 | 0 | |c Vladimir Obroutrev | |
| 260 | |a Matxcơva | ||
| 260 | |b Tiến Bộ | ||
| 260 | |c 1981 | ||
| 650 | |a russian fiction | ||
| 980 | |a Trung tâm Học liệu Trường Đại học Cần Thơ | ||